Statistics for Countries by emojis

Click here to take the quiz!

General Stats

  • This quiz has been taken 39 times
  • The average score is 11 of 15

Answer Stats

HintAnswer% Correct
πŸ—½πŸš’πŸˆUnited states of america
100%
🦘🏏πŸ₯§Australia
97%
πŸ₯žπŸ₯―πŸ’Canada
97%
πŸΊπŸ€πŸ₯”Ireland
97%
πŸ—Όβ›©οΈπŸ₯‘Japan
94%
🍡🐯🏏India
79%
πŸ”πŸͺ–πŸš˜Germany
73%
πŸ«πŸŒ„πŸ•°οΈSwitzerland
73%
πŸ«πŸ§‡πŸŸBelgium
67%
πŸ«πŸŒ„πŸ³οΈFrance
67%
πŸŽ…πŸ’πŸ“±Finland
55%
πŸͺ–β˜¦οΈβ›°οΈRussia
55%
πŸ‡πŸŒπŸ¦“South africa
48%
🚬🏝️🌊Jamaica
33%
πŸπŸ¦›β›°οΈColombia
21%

Score Distribution

Percentile by Number Answered

Percent of People with Each Score

Your Score History

You have not taken this quiz